Statistics for Word Vocabulary - SCA

Click here to take the quiz!

General Stats

  • This quiz has been taken 148 times
  • The average score is 13 of 19

Answer Stats

word% Correct
scar
100%
scam
97%
scat
96%
scale
94%
scan
94%
scab
92%
scare
87%
insect antenna segmentscape
81%
fish speciesscad
79%
heroinscag
76%
rascal; roguescamp
64%
scarf
64%
scant
62%
scalp
56%
scarce
46%
steep bankscarp
46%
scald
45%
scathe
40%
duck speciesscaup
8%

Score Distribution

Percentile by Number Answered

Percent of People with Each Score

Your Score History

You have not taken this quiz